000 00669nam a2200229Ia 4500
003 OSt
005 20220925204822.0
006 a|||||r|||| 00| 0
007 ta
008 220923b |||||||| |||| 00| 0 eng d
037 _cGeneral Book
040 _aRTL
_cRTL
_beng
041 _2eng
_aeng
082 _aX71.255.N59 - N58, J9
110 _aMadhya Pradesh, (Govt. of-)
_9269051
245 0 _aBudget Estimates 1958-59.
260 _aGwalior
_bGovt. of Madhya Pradesh
_c1958
300 _axxvii; 497p.
_ccm.
700 _aMadhya Pradesh, (Govt. of-)
_9269052
942 _hX71.255.N59 - N58, J9
_cGB
_2CC
999 _c550517
_d550517